Global economic outlook (Record no. 108757)
[ view plain ]
| 000 -LEADER | |
|---|---|
| fixed length control field | 02319cam a22003615a 4500 |
| 001 - CONTROL NUMBER | |
| control field | L145322 |
| 008 - FIXED-LENGTH DATA ELEMENTS--GENERAL INFORMATION | |
| fixed length control field | 080929e20080723xxkado f s 000 0 eng d |
| 035 ## - SYSTEM CONTROL NUMBER | |
| System control number | (Sirsi) u145322 |
| 041 0# - LANGUAGE CODE | |
| Language code of text/sound track or separate title | eng |
| 050 04 - LIBRARY OF CONGRESS CALL NUMBER | |
| Classification number | 333.33 $2 18 |
| 100 1# - MAIN ENTRY--PERSONAL NAME | |
| Personal name | Denison, Elisabeth |
| 245 00 - TITLE STATEMENT | |
| Title | Global economic outlook |
| Remainder of title | summer 2008 |
| Medium | [electronic resource] |
| 260 ## - PUBLICATION, DISTRIBUTION, ETC. | |
| Place of publication, distribution, etc. | London |
| Name of publisher, distributor, etc. | Deloitte Research |
| Date of publication, distribution, etc. | 2008 |
| 490 #0 - SERIES STATEMENT | |
| Series statement | Deloitte global economic outlook |
| Volume/sequential designation | summer 2008 |
| 505 2# - FORMATTED CONTENTS NOTE | |
| Formatted contents note | Topics: whither inflation, the cases for and against inflation; a global house of cards, understanding the global housing market; Asia decoupling, myth or reality; when it is over, what will be the signs that we're out of the woods?; global food price inflation, why are food prices on fire? -- Geographies: USA; Eurozone; UK; India; China |
| 505 2# - FORMATTED CONTENTS NOTE | |
| Formatted contents note | Data appendix: developed countries, US, UK, Eurozone, Japan; emerging countries, Brazil, Russia, India, China -- Charts and tables: big four yield curves; BRICs yield curves; GDP forecasts; OECD composite leading indicators |
| 520 ## - SUMMARY, ETC. | |
| Summary, etc. | New quarterly report looks at the current economic downturn and seeks to explore how companies can engage in meaningful planning during a period of financial instability. Intended to provide clients with data with which to take a more strategic approach to asset management, this report includes detailed quantitative statistics in addition to broader economic commentary. This issue discusses rising inflation and contrasts the decline in the US economy with the growth in Asian economies and investigates market decoupling. The authors also address rising food prices, providing background on the causes, impact and likely future changes to markets and consumer behaviour. |
| 521 ## - TARGET AUDIENCE NOTE | |
| Target audience note | Advanced |
| 590 ## - LOCAL NOTE (RLIN) | |
| Local note | KA |
| 650 24 - SUBJECT ADDED ENTRY--TOPICAL TERM | |
| Topical term or geographic name entry element | DELOITTE GLOBAL ECONOMIC OUTLOOK |
| 651 #4 - SUBJECT ADDED ENTRY--GEOGRAPHIC NAME | |
| Geographic name | China |
| 651 #4 - SUBJECT ADDED ENTRY--GEOGRAPHIC NAME | |
| Geographic name | Europe |
| 651 #4 - SUBJECT ADDED ENTRY--GEOGRAPHIC NAME | |
| Geographic name | India |
| 651 #4 - SUBJECT ADDED ENTRY--GEOGRAPHIC NAME | |
| Geographic name | United Kingdom |
| Chronological subdivision | |
| 651 #4 - SUBJECT ADDED ENTRY--GEOGRAPHIC NAME | |
| Geographic name | United States |
| Chronological subdivision | 1959- |
| 690 ## - LOCAL SUBJECT ADDED ENTRY--TOPICAL TERM (OCLC, RLIN) | |
| Topical term or geographic name as entry element | PROPERTY-COMMERCIAL PROPERTY-COMMERCIAL PROPERTY FINANCE AND INVESTMENT |
| 700 1# - ADDED ENTRY--PERSONAL NAME | |
| Personal name | Kalish, Ira |
| 700 1# - ADDED ENTRY--PERSONAL NAME | |
| Personal name | Rangala, Sunil |
| 700 1# - ADDED ENTRY--PERSONAL NAME | |
| Personal name | Steidtmann, Carl |
| 700 1# - ADDED ENTRY--PERSONAL NAME | |
| Personal name | Stewart, Ian |
| 856 40 - ELECTRONIC LOCATION AND ACCESS | |
| Uniform Resource Identifier | <a href="https://www.deloitte.com/dtt/article/0,1002,cid%253D217742,00.html">https://www.deloitte.com/dtt/article/0,1002,cid%253D217742,00.html</a> |
| Public note | View the item free of charge online at www.deloitte.com... |
| 942 ## - ADDED ENTRY ELEMENTS (KOHA) | |
| Suppress in OPAC | 0 |
| Withdrawn status | Lost status | Source of classification or shelving scheme | Damaged status | Not for loan | Home library | Current library | Shelving location | Date acquired | Total Checkouts | Full call number | Barcode | Date last seen | Copy number | Price effective from | Koha item type |
|---|---|---|---|---|---|---|---|---|---|---|---|---|---|---|---|
| Dewey Decimal Classification | Virtual | Virtual | Online | 29/09/2008 | ONLINE PUBLICATION | 145322-1001 | 06/08/2019 | 1 | 06/08/2019 | Book |